| 000 | 00812cam a2200265 a 4500 | ||
|---|---|---|---|
| 001 | 12599266 | ||
| 003 | NUST - PNEC | ||
| 005 | 20240912112104.0 | ||
| 008 | 011126s2001 enka b 001 0 eng | ||
| 010 | _a 2001280100 | ||
| 020 | _a0750645679 | ||
| 040 |
_aDLC _cLIBRARY _dDLC |
||
| 050 | 0 | 0 |
_aTS230 _b.B423 2001 |
| 082 | _a671.2 BEE | ||
| 100 | 1 | _aBeeley, Peter R. | |
| 245 | 1 | 0 |
_aFoundry technology / _cPeter Beeley. |
| 250 | _a2nd ed. | ||
| 260 |
_aOxford ; _aBoston : _bButterworth Heinemann, _c2001. |
||
| 300 |
_ax, 719 p. : _bill. ; _c25 cm. |
||
| 504 | _aIncludes bibliographical references. | ||
| 650 | 0 |
_aFounding. _xIME, ME _9125827 |
|
| 906 |
_a7 _bcbc _corigcop _d2 _encip _f20 _gy-gencatlg |
||
| 942 |
_2ddc _cBK |
||
| 999 |
_c68522 _d68522 |
||